Jurnal Pascapanen dan Bioteknologi Kelautan dan Perikanan | Balai Besar Riset Pengolahan Produk dan Bioteknologi Kelautan dan Perikanan

Podrobná bibliografie
Médium: Elektronický zdroj Časopis
Jazyk:English
Vydáno: Cambridge University Press
On-line přístup:Full text available on Research4Life (HINARI,AGORA,OARE,ARDI & GOALI)
LEADER 00871cas a2200181 a 4500
001 AALejournalResearch4Life008342
008 240902c9999 xx r poo 0 0eng d
022 |a 19079133 
022 |a 24069264 
040 |a BD-DhAAL  |c BD-DhAAL 
245 0 0 |h [electronic resource]  |a Jurnal Pascapanen dan Bioteknologi Kelautan dan Perikanan | Balai Besar Riset Pengolahan Produk dan Bioteknologi Kelautan dan Perikanan 
260 |b Cambridge University Press 
300 |a 1 online resource 
362 0 |a 2006 - current issue 
500 |a <strong>On-Campus Access Only (IP based access)</strong> 
506 |a Electronic access restricted to authorized BRAC University faculty, staff and students 
538 |a Mode of access: Internet 
856 4 0 |z Full text available on Research4Life (HINARI,AGORA,OARE,ARDI & GOALI)  |u https://www.bbp4b.litbang.kkp.go.id/jurnal-jpbkp/index.php/jpbkp/index